000 01150nmc a2200385 a 4500
003 AR-BaBNM
005 20251128210741.0
008 271020s2001 ||||||||||||||000 | spa||
020 _a950-12-6134-4
040 _cAR-BaBNM
245 1 0 _aProyectos integrados en la EGB
250 _a1ª ed.
260 _aBuenos Aires
_bPaidós
_c2001
300 0 _a176 p.
_btablas; il.
490 0 _aCuestiones de educación
_vv. 34
500 0 _aContiene referencias bibliográficas
650 4 _aEDUCACION ARTISTICA
650 4 _aEDUCACION SEXUAL
650 4 _aENSENANZA DE LAS CIENCIAS SOCIALES
653 0 _aEDUCACION GENERAL BASICA
653 0 _aPROYECTOS DE AULA
653 0 _aARTICULACION DE AREAS
653 0 _aENSENANZA DE LAS CIENCIAS NATURALES
653 0 _aENSENANZA DE LA LENGUA
700 1 _aCarozzi de Rojo, Mónica
_ecompilador
700 1 _aBoholavsky, Graciela
700 1 _aMare, María Alejandra
700 1 _aPaterlini, Gabriela
700 1 _aRubinson, Rut
700 1 _aTedesco, Gladys
800 1 _aDelgadillo, María Carmen
_edirector
800 1 _aAlen, Beatriz
_edirector
942 _cBK
998 _cRAQUEL
999 _c16737
_d16737